| 000 | 01313nam a2200229Ia 4500 | ||
|---|---|---|---|
| 003 | Ost | ||
| 005 | 20260507075757.0 | ||
| 008 | 260507s9999||||xx |||||||||||||| ||und|| | ||
| 020 | _a9789969537710 | ||
| 040 | _cfsecg | ||
| 041 | _aara | ||
| 082 | _a333.79 | ||
| 100 |
_aبن عامر، يحي عماد الدين _eمؤلف |
||
| 245 | 0 |
_aالاستثمارفي الطاقات المتجددة : _bالتوجه، السياسات والانجازات في الجزائر / _c يحي عماد الدين بن عامر |
|
| 260 |
_aالجزائر: _bدار إيلياء للنشر والتوزيع, _c2024 |
||
| 300 |
_a146 صفحة؛ _bإيضاحات ؛ _c24 سم |
||
| 504 | _aالمراجع ص.135-146 | ||
| 520 | _aالاستثمار في الطاقات المتجددة مفهومه و انواعه و خصائصه ،دوافع و اسباب التوجه ومتطلبات الطاقات المتجددة ،سياسات و تمويل مشاريع الطاقات المتجددة و التجارة و الاستهلاك في هذا المجال ،الهيكل المؤسسي و الاطار القانوني للطاقات المتجددة في الجزائر و واقعها في الجزائر . | ||
| 653 | _aالاستثمار | ||
| 653 | _aالموارد المتجددة | ||
| 942 | _cكتاب | ||
| 999 |
_c46251 _d46251 |
||